Normal view
MARC view
- Gupta, Ravi P.,
Entry Personal Name
001 - CONTROL NUMBER
- control field: 30305
003 - CONTROL NUMBER IDENTIFIER
- control field: NUST
005 - DATE AND TIME OF LATEST TRANSACTION
- control field: 20200918122148.0
008 - FIXED-LENGTH DATA ELEMENTS
- fixed length control field: 200918|| aca||aabn | a|a d
040 ## - CATALOGING SOURCE
- Original cataloging agency: NUST
- Transcribing agency: NUST
100 ## - HEADING--PERSONAL NAME
- Personal name: Gupta, Ravi P.,
- Dates associated with a name: 1948-
670 ## - SOURCE DATA FOUND
- Source citation: Work cat.: (NUST)0: Gupta, Ravi P., 1948-, Remote sensing geology /, c2018.
